| 000 | 01074nam a22003617a 4500 | ||
|---|---|---|---|
| 001 | BR2010003969 | ||
| 003 | BR-BrBNA | ||
| 005 | 20230928103530.0 | ||
| 007 | ta | ||
| 008 | 230509b bl.||||| |||| 00| 0 por d | ||
| 040 |
_aBR-BrBNA _bpor _cBiblioteca Nacional de Agricultura |
||
| 041 | _a(Por) | ||
| 072 |
_aL73 _b4150 |
||
| 090 | _ 4150 BR2010003969 | ||
| 110 | 1 |
_aMinistério do Desenvolvimento Agrário, Brasília, DF (Brasil). Secretaria de Agricultura Familiar _97484 |
|
| 245 | 1 | _aInfluenza: a gripe no meio rural. Educação para enfrentamento das gripes aviária, suína e equina | |
| 260 | 3 |
_aBrasília, DF (Brasil): _c2009. |
|
| 300 | _a38 p. | ||
| 500 | _a36 illus.; 5 ref. | ||
| 650 | _aGRIPE | ||
| 650 | _aVÍRUS | ||
| 650 | _aPROFILAXIA | ||
| 650 | _aMANEJO | ||
| 650 | _aZONA RURAL | ||
| 650 | _aEDUCAÇÃO SANITÁRIA | ||
| 650 | _aTRANSMISSÃO DE DOENÇA | ||
| 650 | _aSINTOMA | ||
| 650 | _aDEFESA ANIMAL | ||
| 650 | _aINFLUENZA AVIÁRIA | ||
| 650 | _aINFLUENZA EQUINA | ||
| 909 |
_a202309 _bLucia _c55 _dLucia Elande |
||
| 942 | _cBK | ||
| 999 |
_c75499 _d75499 |
||